000 00793nam a2200253Ia 4500
003 OSt
005 20221005072643.0
006 a|||||r|||| 00| 0
007 ta
008 221004b |||||||| |||| 00| 0 urd d
020 _a8182233828 (hbk)
_c200
024 _a32099
037 _b5543/5, 18/03/2009, Modern Publishing House
_cTextual
040 _aCRL
_cCRL
_burd
041 _2urd
_aurd
082 _aO168,5:g, P8
100 _aHussain Mohammad Khalid Au.
_9193322
245 0 _aDilkash tehreerein
260 _aNew Delhi
_bEducational publishing house India
_c2008
300 _a224p.
_ccm.
650 _aURDU SPEECHES
942 _hO168,5:g, P8
_cTEXL
_2cc
999 _c979823
_d979823